1394 1525 1015 1609 1258 1004 1136 1113 1290 1819 1568 1916 1585 1396 1953 1984 1808 1668 1513 1330 1711 1942 1395 1974 1867 1193 1864 1764 2000 1814 1382 1300 1306 1013 1244 1590 1679 1802 1586 1759 1568 1887 1060 1880 1811 1012 1490 1383 1280 1616 1741 1480 1737 1494 1056 1776 1204 1055 1313 1325 1627 1316 1651 1915 1095 1456 1736 1255 1216 1796 1001 1897 1233 1471 1886 1669 1133 1630 1684 1715 1074 1614 1105 1283 1619 1595 1649 1826 1443 1428 1092 1842 1081 1009 1016 1544 1895 1902 1027 BCNSPRNW ULIB Ver.6.0+V

เปลี่ยนเป็นภาษาไทย

Change to English
 แสดงรายละเอียดบรรณานุกรม
  กลับหน้าหลัก

Brief Record : Get Marc (ISO 2709) : E-mail record : QR code < ปิดหน้าต่าง
LEADER : 00000nam 2200000uu 4500
001    13399107782
003     ULIB
008    110203s2552||||th 000 0 tha d
020    9789740325239
060  4 QT260^bท677ห 2552
100 0  ธีระศักดิ์ อาภาวัฒนาสกุล
245 00 หลักวิทยาศาสตร์การกีฬา/^cธีระศักดิ์ อาภาวัฒนาสกุล
250    พิมพ์ครั้งที่ 6
260    กรุงเทพฯ:^bสำนักพิมพ์แห่งจุฬาลงกรมหาวิทยาลัย,^c2552
300    489 หน้า:^bมีภาพประกอบ
650  7 สมรรถภาพทางกาย
650  7 วิทยาศาสตร์การกีฬา
700 0  ธีระศักดิ์ อาภาวัฒนาสกุล
945    ^p450^l0^i026826
945    ^p450^l0^i026825
945    ^p450^l0^i16477
995    ทศพร
999 ^a ใช้งานได้ทุกระบบ
รายการนี้ยังไม่มีแท็ก
คุณยังไม่ได้ล็อกอิน คุณสามารถมีกิจกรรมร่วมกับเว็บไซต์ได้ แต่ต้องล็อกอินก่อน ::
  ล็อกอิน

รายการสื่อสารสนเทศ

ลำดับที่ ประเภท เลขเรียก/บาร์โค้ด สถานที่ สถานะ
- ไม่พบข้อมูล -

รายการใกล้เคียง
    หัวเรื่อง [สมรรถภาพทางกาย]
    หัวเรื่อง [วิทยาศาสตร์การกีฬา]

BibComment


ยังไม่เคยถูกคอมเมนท์

คอมเมนท์ทรัพยากรรายการนี้
  คอมเมนท์: หลักวิทยาศาสตร์กา..


 Copyright 2026. Bcnsprnw @Library